Music Quiz

Random Music or Lyrics Quiz

Brown Eyed Girl Clicky-oke Quiz Stats

 Plays Quiz Updated May 1, 2017

Support Sporcle.
Go Orange.
Score 0/25 Timer 04:00
3 Plays Today
% Correct
Did we go
93%
Rains came
92%
Morning fog with
87.1%
A jumping
85.6%
The hollow
85.4%
New game
83.4%
Transistor radio
81%
Thumpin' and you
79.2%
We used to sing - sha la la la la la la la la la la te da
78.7%
You, my brown-eyed girl
78.7%
Find my way
78.1%
All on my own
78%
We used to sing - sha la la la la la la la la la la te da
76.4%
% Correct
You, my brown-eyed girl
75.8%
In the green grass
73.9%
Stadium with you
73.2%
My, how you have grown
72.9%
You, my brown-eyed girl
70.3%
Rainbow's wall
69.8%
Tuesday and so slow
66.4%
Sunlight laughing
65.1%
All along the waterfall, with you
63.5%
Sometime I'm overcome thinking 'bout
62.4%
Old mine
61.4%
A running hey, hey
59%

You're not logged in!

Compare scores with friends on all Sporcle quizzes.
OR
Log In
Forgot?

From the Vault

France Population Circles

by mg10

Probably shouldn't try fitting the population into those circles, though.
Remove Ads.
Support Sporcle.
Get the best of Sporcle when you Go Orange. This ad-free experience offers more features, more stats, and more fun while also helping to support Sporcle. Thank you for becoming a member.

Show Comments

Extras

Top Quizzes Today


Score Distribution

Your Account Isn't Verified!

In order to create a playlist on Sporcle, you need to verify the email address you used during registration. Go to your Sporcle Settings to finish the process.

Report this User

Report this user for behavior that violates our Community Guidelines.

Details: